Ч. 2, № 1-6; Журнал русского металлургического общества

Xehetasun bibliografikoak
Parent link:Журнал русского металлургического общества: научный журнал. Ч. 2, № 1-6.— , 1910-1916, 1925-1929
Hizkuntza:errusiera
Argitaratua: 1912
Formatua: Liburua
KOHA link:https://koha.lib.tpu.ru/cgi-bin/koha/opac-detail.pl?biblionumber=530504

MARC

LEADER 00000nam2a2200000 4500
001 530504
005 20231101112500.0
035 |a (RuTPU)RU\TPU\prd\216470 
035 |a RU\TPU\prd\216466 
090 |a 530504 
100 |a 20140404b1912 k y0rusy50 ca 
101 0 |a rus 
102 |a RU 
200 0 |a Ч. 2, № 1-6 
210 |d 1912 
461 1 |0 (RuTPU)RU\TPU\prd\692  |t Журнал русского металлургического общества  |o научный журнал  |v Ч. 2, № 1-6  |d 1910-1916, 1925-1929 
801 0 |a RU  |b 63413507  |c 20010227  |g PSBO 
801 1 |a RU  |b 63413507  |c 20020301  |g PSBO 
801 2 |a RU  |b 63413507  |c 20140407  |g PSBO 
942 |c BK 
999 |a НТБ_ТПУ  |b РФ  |e -4/20140109  |p П-1025  |u 0,00  |v 1